| 000 | 01831nam a2200253Ia 4500 | ||
|---|---|---|---|
| 999 |
_c50558 _d50558 |
||
| 001 | 17508 | ||
| 003 | GE_BSU | ||
| 005 | 20200213150459.0 | ||
| 008 | 181216s2014 xx |||||||||||||| ||rus|| | ||
| 020 | _a978-5-86547-445-6 | ||
| 040 | _cGE_BSU | ||
| 041 | _arus | ||
| 080 | _a811.161.1 Э-84 | ||
| 100 |
_aЭсмантова, Татьяна. _97072 |
||
| 245 |
_aРусский язык : 5 элементов. Диагностические тесты / _cТатьяна Эсмантова ; Ред . И.В.Евстратова. |
||
| 250 | _a4-е издание | ||
| 264 |
_aСанкт-Петербург : _bЗлатоуст, _c2014. |
||
| 300 |
_a20 стр.: _c27 см. |
||
| 653 | _aДанные тесты представляют собой матричные многоуровневые тесты с возрастающей сложностью вопросов. Их особенностями являются: "встроенная" в корпус теста рабочая матрица, совмещаемая при проверке с прозрачной контрольной матрицей, ориентация теста на общеевропейские компетенции и на конкретный учебн | ||
| 653 | _aкомплекс ("Русский язык: пять элементов"), шкала определения уровня тестируемого по итоговому баллу и др. Это делает тест гибким и современным инструментом диагностики и контроля знаний, изучающих русский язык как иностранный. | ||
| 653 | _aრუსული ენა | ||
| 700 |
_aЕвстратова, И.В. _eრედაქტორი _97062 |
||
| 942 |
_cBK _2udc |
||